ბათუმის შოთა რუსთაველის სახელმწიფო უნივერსიტეტის ბიბლიოთეკა

Туризм (ბიბ.ჩანაწერი № 35673)

000 -LEADER
fixed length control field 00574nam a2200217Ia 4500
001 - CONTROL NUMBER
control field 1546
003 - CONTROL NUMBER IDENTIFIER
control field GE_BSU
008 - FIXED-LENGTH DATA ELEMENTS--GENERAL INFORMATION
fixed length control field 181216s||||||||xx |||||||||||||| ||und||
040 ## - CATALOGING SOURCE
Transcribing agency GE_BSU
080 ## - UNIVERSAL DECIMAL CLASSIFICATION NUMBER
Universal Decimal Classification number 796.5(075.8)
100 ## - MAIN ENTRY--PERSONAL NAME
Personal name Моргунов,Б.П.
245 ## - TITLE STATEMENT
Title Туризм
245 ## - TITLE STATEMENT
Remainder of title Учебное пособие для студентов по спец."Физическое воспитание
260 ## - PUBLICATION, DISTRIBUTION, ETC.
Place of publication, distribution, etc. Москва
260 ## - PUBLICATION, DISTRIBUTION, ETC.
Name of publisher, distributor, etc. Прогресс
260 ## - PUBLICATION, DISTRIBUTION, ETC.
Date of publication, distribution, etc. 1978
300 ## - PHYSICAL DESCRIPTION
Extent 168стр.
653 ## - INDEX TERM--UNCONTROLLED
Uncontrolled term Туризм
942 ## - ADDED ENTRY ELEMENTS (KOHA)
Koha item type წიგნი
ეგზემპლარები
Withdrawn status Lost status Damaged status Not for loan Date acquired Barcode Date last seen Price effective from Koha item type
        2018-12-17 1118 2018-12-17 2018-12-17 წიგნი